Statistics for All ARK: Survival Evolved Creatures New To Extinction

Click here to take the quiz!

General Stats

  • This quiz has been taken 36 times
  • The average score is 9 of 13

Answer Stats

DietAnswer% Correct
UnknownGacha
89%
UnknownIce Titan
89%
UnknownKing Titan
89%
UnknownDesert Titan
85%
UnknownForest Titan
85%
UnknownEnforcer
81%
CarnivoreManagarmr
74%
CarnivoreSnow Owl
74%
CarnivoreVelonasaur
59%
UnknownMek
56%
UnknownScout
52%
HerbivoreGasbags
48%
UnknownMega Mek
44%

Score Distribution

Percentile by Number Answered

Percent of People with Each Score

Your Score History

You have not taken this quiz